The trade game : (Record no. 4498)

MARC details
000 -LEADER
fixed length control field 00766 a2200193 4500
010 ## - LCCN (DPL NO)
LC control number ENG-86378
020 ## - INTERNATIONAL STANDARD BOOK NUMBER
International Standard Book Number 8171885381
Terms of availability 650.00
035 ## - SYSTEM CONTROL NUMBER
System control number EN-69911
037 ## - SOURCE OF ACQUISITION
Source of stock number/acquisition DBAD / PUB
082 14 - DEWEY DECIMAL CLASSIFICATION NUMBER
Classification number 382.92
245 1# - TITLE STATEMENT
Title The trade game :
Statement of responsibility, etc ed. by Bibek Debroy [and] Debasis Chakraborty
Remainder of title negotiation trends at WTO and concerns of developing countries /
260 ## - PUBLICATION, DISTRIBUTION, ETC. (IMPRINT)
Place of publication, distribution, etc New Delhi
Name of publisher, distributor, etc Academic Foundation
Date of publication, distribution, etc 2006
270 ## - ADDRESS
Address 4772-73/23 Bharat Ram Road, (23 Ansari Road), Darya Ganj,
City New Delhi
State or province New Delhi
Postal code 110 002
Telephone number 23245001
Fax number 91-11-23245005
Electronic mail address academic@vsnl.com
300 ## - PHYSICAL DESCRIPTION
Extent 237p.
Dimensions 21cm (Hb)
500 ## - GENERAL NOTE
General note Includes bibliographical references and index
700 ## - ADDED ENTRY--PERSONAL NAME
Personal name Debroy, Bibek
700 ## - ADDED ENTRY--PERSONAL NAME
Personal name Chakraborty, Debashis
942 ## - ADDED ENTRY ELEMENTS (KOHA)
Institution code [OBSOLETE] dpl
Item type English Books
Source of classification or shelving scheme Dewey Decimal Classification
Classification part 382.92
Call number suffix TRA
Holdings
Withdrawn status Lost status Not for loan Collection code Home library Current library Source of acquisition Cost, normal purchase price Full call number Barcode Copy number Cost, replacement price Koha item type
    Not For Loan Non-fiction D.B.Act.Division D.B.Act.Division DBAD/PUB 650.00 382.92 TRA EN-69911 1 650.00 English Books

© Delhi Public Library
Hit Counter
free hit counter